Posilnenie finančnej autonómie obcí a miest v SR

Salvato in:
Dettagli Bibliografici
Autore principale: Neupauerová, Zuzana
Natura: Capitolo di libro
Lingua:slovacco
Tags: Aggiungi Tag
Nessun Tag, puoi essere il primo ad aggiungerne!!

MARC

LEADER 00000naa$a2200000$$$4500
001 0152740
005 20240711091505.2
041 0 |a slo 
044 |a CZ 
245 1 0 |a Posilnenie finančnej autonómie obcí a miest v SR  |c Zuzana Neupauerová 
100 1 |a Neupauerová, Zuzana